English Rugby clubs sudden death - Statistics

General Stats
  • This quiz has been taken 148 times
  • The average score is 8 of 17
Answers on the Grid
Answers color-coded by a green-red scale on the quiz's grid according to % correct below.
Bedford Blues
Bristol Bears
Bath
Bradford Bulls
Castleford Tigers
Cornish Pirates
Doncaster
Doncaster Knights
Ealing Trailfinders
Exeter Chiefs
Gloucester
Huddersfield Giants
Hull
Hull Kingston Rovers
Leeds Rhinos
Leeds Tykes
Leicester Tigers
Leigh Leopards
London Broncos
Newcastle Red Bulls
Northampton Saints
Plymouth Albion
Rotherham Titans
Sale Sharks
Saracens
St Helens
Wakefield Trinity
Warrington Wolves
Wigan Warriors
Widnes Vikings
Worcester Warriors
York Knights
 
Answer Stats
Answer % Correct
Bath
89%
Bristol Bears
84%
Exeter Chiefs
67%
Gloucester
66%
Leicester Tigers
65%
Northampton Saints
60%
Saracens
60%
Sale Sharks
53%
Newcastle Red Bulls
49%
Worcester Warriors
49%
Bedford Blues
46%
Cornish Pirates
42%
Ealing Trailfinders
42%
Doncaster Knights
24%
Plymouth Albion
19%
Leeds Tykes
16%
Rotherham Titans
11%
No matching quizzes found
Score Distribution
Percent of People with Each Score
Percentile by Number Answered
Your Score History
You have not taken this quiz